000 00705nam a2200217Ia 4500
008 101110s9999 xx 000 0 und d
041 _aENGLISH
082 _bFR64
100 _aSrivastava K.P.
245 _aA textbook of applied entomology, Vol. I - methods of insect pest control
260 _c2003
_bKalyani publication, Ludhiana
300 _a321
365 _b140
520 _aDry-land Agriculture
546 _aENGLISH
630 _aA textbook of applied entomology, Vol. I - methods of insect pest control
650 _aDry-land Agriculture
655 _aDry-land Agriculture
730 _aA textbook of applied entomology, Vol. I - methods of insect pest control
942 _cBOOK
999 _c793218
_d793215